000 01412cam a2200397 a 4500
999 _c21289
_d21289
001 17131710
003 BDDh-ASL
005 20231015030003.0
007 ta
008 111205s2011 bg ab b 001 0beng d
010 _a 2012323288
020 _a9789845060271
020 _a9845060277
025 _aB-E-2012-323288; 22-92
035 _a(OCoLC)ocn769102385
035 _a(OCoLC)769102385
037 _aLibrary of Congress -- New Delhi Overseas Office
040 _aDKAGE
_beng
_cDKAGE
_dDLC
_dBDDh-ASL
042 _alccopycat
_alcode
043 _aa-pk---
_aa-bg---
050 0 0 _aHG8042.B85
_bR34 2011
082 0 4 _a368.32
_223
_bRAK
100 1 _aRahim, Muhammad Obaidur,
_d1946-
245 1 0 _aKhuda Buksh :
_bthe pioneer of life insurance in Bangladesh, an account of his life and work /
_cMuhammad Obaidur Rahim.
260 _aDhaka :
_bUniversity Press Limited,
_c2011.
300 _axxi, 278 p. :
_bill., maps ;
_c22 cm.
504 _aIncludes bibliographical references (p. [263]-267) and index.
600 0 0 _aBuksh, Khuda,
_d1912-1974.
650 0 _aInsurance executives
_zPakistan
_vBiography.
650 0 _aInsurance executives
_zBangladesh
_vBiography.
650 0 _aLife insurance
_zPakistan
_xHistory.
650 0 _aLife insurance
_zBangladesh
_xHistory.
906 _a7
_bcbc
_ccopycat
_d3
_encip
_f20
_gy-gencatlg
942 _2ddc
_cBK